Biomass gasification in block rubber production for redicing CO2 emission in NR processing (Record no. 51461)

MARC details
000 -LEADER
fixed length control field 00545nam a2200145Ia 4500
100 ## - MAIN ENTRY--AUTHOR NAME
Personal name Rajagopal N
245 #0 - TITLE STATEMENT
Title Biomass gasification in block rubber production for redicing CO2 emission in NR processing
260 ## - PUBLICATION, DISTRIBUTION, ETC. (IMPRINT)
Name of publisher PLACROSYM XIX, 7-10 December 2010, Kottayam. Climate Change. 19th Biennial Symposium on Plantation Crops. Abstracts.pp.153-154.
650 ## - SUBJECT ADDED ENTRY--TOPICAL TERM
Topical Term Biomass gasification
650 ## - SUBJECT ADDED ENTRY--TOPICAL TERM
Topical Term CO2 emission
650 ## - SUBJECT ADDED ENTRY--TOPICAL TERM
Topical Term Technically specified rubber
700 ## - ADDED ENTRY--PERSONAL NAME
Personal name Sebastian T
942 ## - ADDED ENTRY ELEMENTS (KOHA)
Koha item type Bibliography STAF
Holdings
Withdrawn status Lost status Damaged status Not for loan Home library Current library Shelving location Date acquired Koha item type
      Bibliography RRII Library RRII Library Rubber technology 03/02/2011 Bibliography STAF